000 00280nam a2200121Ia 4500
008 190216s9999||||xx |||||||||||||| ||und||
100 _aMusaraf Alam Suki
245 0 _aHindi-Pokeman Ki Duniya
260 _bNeha Prakashan
_c2008
300 _a206
650 _aHindi
942 _cBK
999 _c16654
_d16654